| 000 | 00432nam a22001697a 4500 | ||
|---|---|---|---|
| 003 | NUST - PNEC | ||
| 005 | 20170116180847.0 | ||
| 008 | 150824b xxu||||| |||| 00| 0 eng d | ||
| 020 | _a8174732330 | ||
| 040 | _cLIBRARY | ||
| 082 | _a540 GOE | ||
| 100 |
_95486 _aGoel neetu |
||
| 245 |
_aConcise engineering chemistry (Theory and practicals) _cNeetu goel |
||
| 250 | _a2nd ed | ||
| 650 |
_95489 _aChemistry _xME |
||
| 942 |
_2ddc _cBK |
||
| 999 |
_c64484 _d64484 |
||